The Sanctuary House case: an arbitration workbook. Volume 2. (Record no. 93782)
[ view plain ]
| 000 -LEADER | |
|---|---|
| fixed length control field | 00943cam a2200277 4500 |
| 001 - CONTROL NUMBER | |
| control field | J3673 |
| 008 - FIXED-LENGTH DATA ELEMENTS--GENERAL INFORMATION | |
| fixed length control field | 090401t1996 xxu||||| |||| 00| 0 eng d |
| 035 ## - SYSTEM CONTROL NUMBER | |
| System control number | (Sirsi) u56387 |
| 041 ## - LANGUAGE CODE | |
| Language code of text/sound track or separate title | eng |
| 050 ## - LIBRARY OF CONGRESS CALL NUMBER | |
| Classification number | 347.4109 |
| 100 ## - MAIN ENTRY--PERSONAL NAME | |
| Personal name | Cato, D. Mark |
| 245 #4 - TITLE STATEMENT | |
| Title | The Sanctuary House case: an arbitration workbook. Volume 2. |
| 260 ## - PUBLICATION, DISTRIBUTION, ETC. | |
| Place of publication, distribution, etc. | London |
| Name of publisher, distributor, etc. | LLP Limited |
| Date of publication, distribution, etc. | 1996 |
| 300 ## - PHYSICAL DESCRIPTION | |
| Extent | ix,734p. ; 25cm. |
| 350 ## - PRICE (NR) (BK AM CF MU VM SE) [OBSOLETE] | |
| Price | 125 |
| 520 ## - SUMMARY, ETC. | |
| Summary, etc. | An account of an arbitration from appointment to award concerning the conversion of a listed building into a nursing home. FOR VOL. 1 SEE STANDARD NO. 1850448531. |
| 650 ## - SUBJECT ADDED ENTRY--TOPICAL TERM | |
| Topical term or geographic name entry element | ARBITRATION WORKBOOK |
| 650 ## - SUBJECT ADDED ENTRY--TOPICAL TERM | |
| Topical term or geographic name entry element | BLISS FAMILY |
| 650 ## - SUBJECT ADDED ENTRY--TOPICAL TERM | |
| Topical term or geographic name entry element | HOCKING FAMILY |
| 650 ## - SUBJECT ADDED ENTRY--TOPICAL TERM | |
| Topical term or geographic name entry element | LISTED BUILDINGS |
| 650 ## - SUBJECT ADDED ENTRY--TOPICAL TERM | |
| Topical term or geographic name entry element | NURSING HOMES |
| 650 ## - SUBJECT ADDED ENTRY--TOPICAL TERM | |
| Topical term or geographic name entry element | SANCTUARY HOUSE CASE |
| 690 ## - LOCAL SUBJECT ADDED ENTRY--TOPICAL TERM (OCLC, RLIN) | |
| Topical term or geographic name as entry element | MANAGEMENT-DISPUTE AVOIDANCE, MANAGEMENT AND RESOLUTION-DISPUTE MANAGEMENT AND RESOLUTION-ARBITRATION |
| 942 ## - ADDED ENTRY ELEMENTS (KOHA) | |
| Suppress in OPAC | 0 |
| 948 ## - LOCAL PROCESSING INFORMATION (OCLC); SERIES PART DESIGNATOR (RLIN) | |
| c (OCLC) | 04/03/1997 |
| Withdrawn status | Lost status | Source of classification or shelving scheme | Damaged status | Not for loan | Home library | Current library | Shelving location | Date acquired | Cost, normal purchase price | Total Checkouts | Full call number | Barcode | Date last seen | Date last checked out | Copy number | Cost, replacement price | Price effective from | Koha item type |
|---|---|---|---|---|---|---|---|---|---|---|---|---|---|---|---|---|---|---|
| Dewey Decimal Classification | London | London | Books | 25/11/1996 | 125.00 | 15 | 347.4109 CAT | 30050913 | 06/08/2019 | 08/04/2008 | 2 | 125.00 | 06/08/2019 | Book |